Technológie dopĺňali prezentácie materiálov veľtrh DREVO + LES 2005 v Nitre doplnený výstavami výrobkov II.

Bibliographic Details
Main Author: Mrník, Anton (Author)
Format: Article
Language:Slovak
PhysicalDescription:Fotogr., tab.
ISSN:1335-7018
Subjects:

MARC

LEADER 00000nab a2200000 a 4500
001 vtls008625308
003 SK-MaSNL
005 20260305000001.0
008 250505c2005 xo mr|p|||||||000 b|slo
015 |a SNBRB2006/02  |2 snkbucl 
035 |a (uuid)f960aac6-63e8-47c6-831e-5ef37f84c709 
035 |a urn:nbn:sk:snk-ab9f48 
035 |a (urnnbn)urn:nbn:sk:snk:ar-a08c5a 
038 |a SNKBUCL 
040 |a SNKBUCL  |b slo  |c SNKBUCL  |e AACR2 
041 0 |a slo 
044 |a xo  |c SK 
080 |a 674+630:061.43  |2 1997 
080 |a 630+674:061.43  |2 1997 
100 1 |a Mrník, Anton  |4 aut  |9 270738 
245 1 0 |a Technológie dopĺňali prezentácie materiálov  |b veľtrh DREVO + LES 2005 v Nitre doplnený výstavami výrobkov  |n II.  |c Anton Mrník 
300 |b Fotogr., tab. 
611 2 7 |a Drevo + Les  |n (1. :  |d 2005 :  |c Nitra, Slovensko)  |2 snkbucl  |9 1574045 
650 0 7 |a drevárstvo  |2 snkbucl  |9 1116 
650 0 7 |a nábytkárstvo  |2 snkbucl  |9 20525 
650 0 7 |a lesníctvo  |2 snkbucl  |9 1255 
650 0 7 |a technika  |2 snkbucl  |9 671 
650 0 7 |a technológia  |2 snkbucl  |9 66619 
651 7 |a Nitra (Slovensko)  |2 snkbucl  |9 15714 
773 0 |t Stolársky magazín  |g Roč. 6, č. 11 (2005), s. 38-39  |x 1335-7018 
850 |a Slovenská národná knižnica 
852 |a Slovenská národná knižnica 
954 |a odborná, vedecká literatúra pôvodná (slovenská)  |2 lita 
958 |a article13 
958 |a OND 
958 |a EUIPO 
999 |c 3211613  |d 3213543